• 首页
  • 本馆介绍
  • 公告通知
  • 最新文献
  • 馆藏检索
  • 电子资源
  • 读者导购
  • 参考咨询
  • 我的图书馆
  • 登录
  • 详细信息显示
  • 放入我的书架
  • 预约/预借图书
  • 作者相关作品
  • 分类相关作品
  • 丛书相关作品
  • 出版社相关作品

书目信息

  • 表格格式
  • 工作单格式
  • 卡片格式
题名:
英语专业四级词汇速记手册
    
 
作者: 申富英 编著
分册:  
出版信息: 大连   大连理工大学出版社  2000.01
页数: 488页
开本: 20cm
丛书名:
单 册:
中图分类: H313-62
科图分类:
主题词: 英语
电子资源:
ISBN: 7-5611-1647-0
000 00552nam0 2200181 450
001 0631459999
005 20061018085948.82
010    @a7-5611-1647-0@dCNY15.00
100    @a20061018d2000 km y0chiy0120 ea
101 0  @achi
200 1  @a英语专业四级词汇速记手册@Aying yu zhuan ye si ji ci hui su ji shou ce@f申富英编著@Fshen fu ying bian zhu
210    @a大连@c大连理工大学出版社@d2000.01
215    @a488页@d20cm
606 0  @a英语
690    @aH313-62@v3
701  0 @a申富英@Ashen fu ying@4编著
801  0 @aCN@bPFT@c20061018
905    @a10447@dH313-62@e498
    
    英语专业四级词汇速记手册/申富英编著.-大连:大连理工大学出版社,2000.01
    488页;20cm
    
    
    ISBN 7-5611-1647-0:CNY15.00
    
●
相关链接 在E读中查询图书 在五车中查询图书 在当当中查询图书 在豆瓣中查询图书


正题名:英语专业四级词汇速记手册     索取号:H313-62/498         预约/预借

序号 登录号 条形码 馆藏地/架位号 状态 备注
1 0499587   204995871   密集书库/ [索取号:H313-62/498] 在馆    
2 0499602   204996022   密集书库/ [索取号:H313-62/498] 在馆    
唐山师范学院图书馆 欢迎您!
大连网信软件有限公司© 版权所有